| 000 | 01368nam a22003617a 4500 | ||
|---|---|---|---|
| 003 | CHAP | ||
| 005 | 20220329135547.0 | ||
| 008 | 971013s1965 r 00010 d | ||
| 010 | _a38517 | ||
| 011 | _a39489 | ||
| 035 | _a43610 | ||
| 040 | _cCHAP | ||
| 082 |
_a634 _bE83 |
||
| 110 |
_aEspaña. Ministerio de Agricultura _937710 |
||
| 245 | _aNormas internacionales para frutos y productos hortícolas | ||
| 260 |
_aMadrid : _bEl Ministerio, _c1965 |
||
| 300 |
_a206 p. _b: ilus. |
||
| 490 |
_aManuales técnicos. Serie D _v; 31 |
||
| 590 |
_aBATCH-UPD _b10 _c20130110 _lUCH01 _h1255 |
||
| 590 |
_aBATCH-UPD _b10 _c20130410 _lUCH01 _h0815 |
||
| 590 |
_aBATCH-UPD _b10 _c20130914 _lUCH01 _h1445 |
||
| 590 |
_aCONVERSION _b10 _c20130109 _lUCH01 _h1321 |
||
| 650 | 1 | 4 |
_aFruta _xNormas de calidad. _943644 |
| 650 | 1 | 4 |
_aLegumbres _xNormas de calidad. _965764 |
| 830 | 0 |
_aManuales técnicos. Serie D _v; 31 _970708 |
|
| 901 | _aBK | ||
| 942 | _cLIBRO | ||
| 949 |
_a634 E83 _bBC _cLIBRO _d-99814 _eLIBRO _fc.5 _h45367 _i43610 _si _t130.00 |
||
| 949 |
_a634 E83 _bBC _cLIBRO _d33724000219770 _eLIBRO _fc.2 _h39287 _i43610 _si _t130.00 |
||
| 949 |
_a634 E83 _bBC _cLIBRO _d33724000219788 _eLIBRO _fc.3 _h39288 _i43610 _si _t130.00 |
||
| 949 |
_a634 E83 _bBC _cLIBRO _d33724000219812 _eLIBRO _h39286 _i43610 _si _t130.00 |
||
| 949 |
_a634 E83 _bBC _cLIBRO _d33724000658233 _eLIBRO _fc.4 _h45270 _i43610 _si _t130.00 |
||
| 999 |
_c38517 _d38517 |
||